书目信息 |
| 题名: |
新时期干部工作初探
|
|
| 作者: | 马培芳 著 | |
| 分册: | ||
| 出版信息: | 兰州 甘肃人民出版社 1984 |
|
| 页数: | 57页 | |
| 开本: | 19cm | |
| 丛书名: | ||
| 单 册: | ||
| 中图分类: | D630.3 | |
| 科图分类: | ||
| 主题词: | 干部工作--中国 | |
| 电子资源: | ||
| ISBN: | ||
| 000 | 00627nam0 2200229 45 | |
| 001 | 0184010515 | |
| 005 | 20050620141634.9 | |
| 010 | @dCNY0.16 | |
| 091 | @a3096.669 | |
| 100 | @a19950227d1984 em y0chiy0121 ea | |
| 101 | 0 | @achi |
| 102 | @aCN@b620000 | |
| 105 | @ay z 000yy | |
| 200 | 10 | @a新时期干部工作初探@Axin shi qi gan bu gong zuo chu tan@f马培芳等著@FMaPei Fang Deng Zhu |
| 210 | @a兰州@c甘肃人民出版社@d1984 | |
| 215 | @a57页@d19cm | |
| 606 | @a干部工作@x中国 | |
| 690 | @aD630.3@v3 | |
| 701 | 0 | @a马培芳@4著 |
| 801 | 0 | @aCN@b上海图书馆@c20050617 |
| 801 | 2 | @aCN@bNLC@c20050617 |
| 905 | @f1@b107536@dD630.3@e1 | |
| 新时期干部工作初探/马培芳等著.-兰州:甘肃人民出版社,1984 |
| 57页;19cm |
| ISBN :CNY0.16 |
| ● |
| 相关链接 |
|
|
|
|
正题名:新时期干部工作初探
索取号:D630.3/1
 
预约/预借
| 序号 | 登录号 | 条形码 | 馆藏地/架位号 | 状态 | 备注 |
| 1 | 0107535 | 000374614 | 密集书库/ [索取号:D630.3/1] | 在馆 | |
| 2 | 0107536 | 000374623 | 第一样本阅览室/ [索取号:D630.3/1] | 在馆 |